000 00895nas a2200277 4500
001 BR7701357
003 BR-BrBNA
005 20231205083126.0
007 ta
008 230509b bl.|||p| |||| 00| 00por d
040 _aBR-BrBNA
_bpor
_cBiblioteca Nacional de Agricultura
041 _a(Pt)
072 _aS10
100 1 _aLopes, J.N.C.
100 1 _aNasi, A.M.T.T.
100 1 _aLopes, J.L.C.
245 1 _aDeterminacao dos acidos graxos constituintes da fracoes triglicerideos das sementes de Aleurites moluccana (L.)Willd e Pachystroma ilicifolium Muell Arg. [Nogueira de Iguape]
650 _aCOMPOSICAO DE ALIMENTO
650 _aNOGUEIRA DE IGUAPE
650 _aOLEO
650 _aACIDO GRAXO
650 _aSEMENTE
773 0 _tCientifica (Brazil)
_xISSN 0100-0039
_g(1976), v. 4(2) p. 181-184
_wBR7701357
909 _a202311
_bLúcia
_c55
_dLúcia Elande
942 _2AGRIS
_n0
_cANA
999 _c96581
_d96581